000 01411nam a22003497a 4500
003 CHAP
005 20220329134824.0
008 971013s1971 r 10010 d
010 _a26499
011 _a27471
035 _a31572
040 _cCHAP
082 _a636.5063
_bC64 1971
111 0 0 _aConferencias Internacionales sobre Avicultura. Ciclo. (
_n3
_d: 1971
_c: México, D. F.)
_926628
245 _aPonencias
260 _a(México, D.F.) :
_bInstituto Nacional de Investigaciones Pecuarias,
_c1971
300 _a172 p.
590 _aBATCH-UPD
_b10
_c20130110
_lUCH01
_h0038
590 _aBATCH-UPD
_b10
_c20130110
_lUCH01
_h2313
590 _aBATCH-UPD
_b10
_c20130409
_lUCH01
_h2022
590 _aBATCH-UPD
_b10
_c20130914
_lUCH01
_h0454
590 _aCONVERSION
_b10
_c20130109
_lUCH01
_h1315
650 1 4 _aAvicultura
_xCongresos.
_98719
901 _aBK
942 _cLIBRO
949 _a636.5063 C64 1971
_bBC
_cLIBRO
_d33724000102406
_eLIBRO
_fc.3
_h28903
_i31572
_si
949 _a636.5063 C64 1971
_bBC
_cLIBRO
_d33724000102422
_eLIBRO
_fc.6
_h15565
_i31572
_si
949 _a636.5063 C64 1971
_bBC
_cLIBRO
_d33724000102448
_eLIBRO
_h16260
_i31572
_si
949 _a636.5063 C64 1971
_bBC
_cLIBRO
_d33724000102455
_eLIBRO
_fc.7
_h80279
_i31572
_si
949 _a636.5063 C64 1971
_bBC
_cLIBRO
_d33724000277638
_eLIBRO
_fc.2
_h16261
_i31572
_si
949 _a636.5063 C64 1971
_bBC
_cLIBRO
_d33724000939484
_eLIBRO
_fc.5
_h28905
_i31572
_si
999 _c26499
_d26499